000 004670000a22001810004500
003 MACL
005 20150915125758.0
008 150915b xxu||||| |||| 00| 0 eng d
040 _aMACL
_cMACL
041 _aEnglish
082 _a823/NAI
100 _aNair, M T Vasudevan
_911068
245 _aNaalukettu
_bThe House Around The CourtYard
260 _bOxford University Press
_c2008
_aNew Delhi
350 _a395
650 _aFicition
_911069
942 _cBK
_k823
_2ddc
999 _c8887
_d8887